00313cam a22001097a 4500008004000000020001300040082001500053100001800068245008100086260002600167300001000193180718b2002 xxu||||| |||| 00| 0 eng d a81 87830 aD71x54 K11 aBhasin, Kamla aAman kee talash main insaniyat kee aawajecedited by Kamla Bhasin...[et.al.] aDe4lhibLokayanc2002 a155p.